| 000 | 01031nam a2200289 a 4500 | ||
|---|---|---|---|
| 001 | vtls001084556 | ||
| 003 | NLI | ||
| 005 | 20210627123718.0 | ||
| 008 | 120315s1983 ii f000 0 eng | ||
| 039 | 9 |
_y201203151801 _zEntertech_02 |
|
| 040 |
_aNLI _beng _cEntertech-2011 _eAACR2 |
||
| 041 | 0 | _aeng | |
| 044 | _aii | ||
| 082 | 0 | 4 | _a551.49 |
| 100 | 1 | _aVeeranna, M. | |
| 245 | 1 | 0 |
_aGround water exploration and first approximation resource evalution in lower reaches Godavari valley in parts of Karimnagar and Warangal distrits, Andhra pradesh/ _cM. Veeranna |
| 260 |
_aHyderabad : _bGovt. Press, _c1983 |
||
| 300 |
_aVarious paging ; _c34 cm. |
||
| 650 | 0 |
_aGroundwater _zIndia _zAndhra Pradesh _91011715 |
|
| 650 | 0 |
_aWater resources development _zIndia _zAndhra Pradesh _91011716 |
|
| 710 | 2 |
_aCentral Ground Water Board _bMinistry of Agriculture and Irrigation |
|
| 887 | _a | ||
| 901 |
_aIOD110860 date _b14.05.1987 |
||
| 902 | _aGP 551.49(54511) V519g | ||
| 999 |
_aVIRTUA _c902811 _d902811 |
||
| 942 |
_2ddc _cBKS |
||